| 000 | 00363 a2200157 4500 | ||
|---|---|---|---|
| 001 | 160250 | ||
| 020 | _a | ||
| 040 | _cMagnum | ||
| 100 | _aBoulos Junior, Alfredo | ||
| 240 | 1 | 0 |
_aQue republica e essa ?: 15 de novembro _lpor |
| 245 | 1 | 0 | _aQue republica e essa ?: 15 de novembro |
| 362 | 0 | _a1899 | |
| 440 | 1 | _aFTD | |
| 697 | _aIJ/PARADIDATICO | ||
| 942 | _cBK | ||
| 999 |
_c160250 _d160250 |
||